banner koha

Serviço de inspecção e Defesa Agricula : (Registro n. 329461)

MARC details
000 -LÍDER
Campo de controle fixo 01131nam a22002417a 4500
001 - NÚMERO DE CONTROLE
Número de controle BR2024004421
003 - CÓDIGO MARC DA AGÊNCIA CATALOGADORA
Campo de controle BR-BrBNA
005 - DATA E HORA DA ÚLTIMA ATUALIZAÇÃO
Campo de controle 20241227151023.0
008 - CAMPO DE TAMANHO FIXO
Campo fixo de controle 241227b bl.||||| |||| 00| 0 por d
040 ## - FONTE DA CATALOGAÇÃO
Agência catalogadora BR-BrBNA
Idioma da catalogação por
041 ## - CÓDIGO DO IDIOMA
Código do Idioma por
072 ## - CATEGORIA AGRIS
Código da categoria de assunto/objeto <a href="A50">A50</a>
090 ## - NÚMERO DE CHAMADA
Localização na estante A50
Código BR BR2024004421
110 ## - ENTRADA PRINCIPAL - ENTIDADE
Código de relação aut.
Nome da entidade ou lugar Ministério da agricultura indústria e comercio :
245 ## - TÍTULO PRINCIPAL
Título principal Serviço de inspecção e Defesa Agricula :
Subtítulo Questionarios sobre as Condições da Agricultura dos 84 Municipios do Estado do Ceara /
260 ## - IMPRENTA (PUBLICAÇÃO, DISTRIBUIÇÃO, ETC.)
Lugar de publicação, distribuição, etc. Rio de Janeiro, RJ (Brasil) :
Nome do editor, distribuidor, etc. Typ. do Serviço de Estatistica,
Data de publicação, distribuição, etc 1913.
300 ## - DESCRIÇÃO FÍSICA
Extensão 308 p.
520 ## - NOTA DE RESUMO, ETC
Nota de conteúdo levantamento realizado para analisar as condições agrícolas no Ceará, abordando temas como tipos de cultivos, infraestrutura rural, técnicas agrícolas e desafios enfrentados pelos produtores, especialmente em relação às secas buscando fornecer dados para entender a realidade agrária da região e apoiar políticas públicas para o desenvolvimento rural no estado.
650 ## - ASSUNTO - THESAGRO
Cabeçalho tópico ou nome geográfico Agricultura
650 ## - ASSUNTO - THESAGRO
Cabeçalho tópico ou nome geográfico Agricultura Intensiva
909 ## - IDENTIFICAÇÃO DO CATALOGADOR
Ano e mês da catalogação (aaaamm) 202412
Identificação do catalogador Martins
942 ## - TIPO ESPECÍFICO
Tipo de material Livros
952 ## - LOCATION AND ITEM INFORMATION (KOHA)
-- 2024-12-27
Exemplares
Status de empréstimo Fonte de classificação Status de danificação Não pode ser emprestado Código da coleção Localização permanente Localização atual Localização na estante Total Checkouts Número de chamada Código de barras Tipo de material
Consulta Local Classificação AGRIS     Obras Raras Biblioteca Nacional de Agricultura - Binagri Biblioteca Nacional de Agricultura - Binagri Agrobase - Obras Raras   A50 BR2024004421 OBR 2024-8530 Livros

BINAGRI

Telefone: (61)3218-2567/2388/3357/2097 - binagri@agro.gov.br

Ministério da Agricultura e Pecuária , Esplanada dos Ministérios, Bloco D, Anexo B, Brasília/DF, CEP: 70.043-900